00518nam a2200181Ia 4500001001000000003000500010008004100015010001100056040000900067100003000076245006700106260002200173300001000195650002600205650002800231650001100259710006600270Para_6900CHAP220125s1984 xx 000 0 und d a205698 cCHAP aAlvarado Mendoza, Luis I. aLa tuza, daños y su combate /c por Luis I. Alvarado Mendoza aMéxico :b IMPA a10 p. aAgricultura x plagas aRoedores x exterminio  aTuzas  aInstituto para el Mejoramiento de la Producción de Azúcar